00713cam a22002171 450000100060000000300080000600500170001400800410003103500190007204000320009104100080012308200260013110000230015724501170018026000370029730000310033450400200036565000650038565000260045065000190047635202BD-RjUL20211209052258.0140521t1959 nyua 001 0 eng d a(BD-RjUL)35296 aDLCcDLCdDLCdBD-RjULbeng aeng00a658.403219bSCP 19591 aSchlaifer, Robert.10aProbability and statistics for business decisions :ban introduction to managerial economics under uncertainty / aNew York :bMcGraw-Hill,cc1959. a732 p. :billus. ;c24 cm. aincludes index. 0aIndustrial managementxDecision makingxMathematical models. 0aStatistical decision. 0aProbabilities.